00670 a2200169 4500003000500000005001700005040000900022082001200031100003200043245004900075260002700124300001700151505018000168942001200348999001900360952012100379Nust20230224121434.0 cNust a158,STO aG.F. Stout M.A Camb9109564 aManual of Phychology / cG.F. Stout M.A Camb alondonbW..Clivec1915 axvii,769 p.; aIntroduction (Page-1), Book I General Analysis (Page-102), Book II Sensation (Page-208), Book III Perception (Page-334), Book IV Ideational and Conceptual Process (Page-528).  2ddccBK c193809d193809 00102ddc4070aMCSbMCScGENd2016-12-12o158,STOpMCS30193r2016-12-08w2016-12-12yBKzAlmirah No.73, Shelf No.1